Most Populated Cities in China by Picture - Statistics

General Stats
  • This quiz has been taken 20 times
  • The average score is 14 of 20
Answer Stats
Picture Answer % Correct
Beijing
100%
Shanghai
100%
Shenzhen
94%
Chengdu
81%
Guangzhou
81%
Chongqing
75%
Hong Kong
75%
Tianjin
75%
Wuhan
75%
Qingdao
69%
Xi'an
69%
Changsha
63%
Hangzhou
63%
Jinan
63%
Nanjing
63%
Zhengzhou
63%
Dongguan
56%
Suzhou
56%
Foshan
50%
Shenyang
50%
No matching quizzes found
Score Distribution
Percent of People with Each Score
Percentile by Number Answered
Your Score History
You have not taken this quiz